La interpretación de las leyes. Ensayo de Filosofía del Derecho.
Saved in:
| Hovedforfatter: | |
|---|---|
| Format: | Bog |
| Sprog: | engelsk |
| Udgivet: |
Buenos Aires,
Losada,
1947.
|
| Serier: | Biblioteca del Instituto Argentino de Filosofía Jurídica y Social.
|
| Fag: | |
| Tags: |
Tilføj Tag
Ingen Tags, Vær først til at tagge denne postø!
|
MARC
| LEADER | 00000nam a22000007a 4500 | ||
|---|---|---|---|
| 003 | CL-VaPUC | ||
| 005 | 20220822114446.0 | ||
| 008 | 220330t1947 ||||| |||| 00| 0 eng d | ||
| 999 | |c 435208 |d 435206 | ||
| 040 | |c Pontificia Universidad Católica de Valparaíso | ||
| 082 | 7 | |a 340.1 ASC 1947 |2 22 | |
| 100 | |a Ascoli, Max |9 602757 |e autor | ||
| 245 | |a La interpretación de las leyes. |b Ensayo de Filosofía del Derecho. | ||
| 260 | |a Buenos Aires, |b Losada, |c 1947. | ||
| 300 | |a 161 páginas. | ||
| 490 | |a Biblioteca del Instituto Argentino de Filosofía Jurídica y Social. | ||
| 500 | |a c.1 Donación Familia Prof. Alejandro Guzmán Brito. | ||
| 505 | |a Capítulos: - I. El problema de la naturaleza de la Interpretación. - II. Lo abstracto de la norma. - III. El derecho en la vida ética. | ||
| 583 | |c 20220330 |k Yessy Stephany Diaz Vidal | ||
| 650 | |a Filosofía del derecho |9 255050 | ||
| 942 | |2 ddc |c BK |n 0 | ||
| 952 | |0 0 |1 0 |2 ddc |4 0 |6 340_100000000000000_ASC_1947 |7 0 |8 C_AGB |9 582279 |a BIBDER |b BIBDER |d 2022-03-30 |e Donación |i 5650601 |o 340.1 ASC 1947 |p 5650601 |r 2023-01-25 |t 1 |w 2022-03-30 |y BK_US |k AGB | ||